Still she Rise (Record no. 215397)

MARC details
000 -LEADER
fixed length control field 00579nam a22002057a 4500
005 - DATE AND TIME OF LATEST TRANSACTION
control field 20260309101840.0
010 ## - LCCN (DPL NO)
LC control number ENG-147876
020 ## - INTERNATIONAL STANDARD BOOK NUMBER
International Standard Book Number 9789349001657
Terms of availability 299.00
035 ## - SYSTEM CONTROL NUMBER
System control number EN-131408
035 ## - SYSTEM CONTROL NUMBER
System control number EN-131408
037 ## - SOURCE OF ACQUISITION
Source of stock number/acquisition DBAD
082 ## - DEWEY DECIMAL CLASSIFICATION NUMBER
Classification number S
Edition number 1
100 ## - MAIN ENTRY--PERSONAL NAME
Personal name Quaze Sahar
245 ## - TITLE STATEMENT
Title Still she Rise
Statement of responsibility, etc Sahar Quaze
250 ## - EDITION STATEMENT
Edition statement 1
260 ## - PUBLICATION, DISTRIBUTION, ETC. (IMPRINT)
Place of publication, distribution, etc Maharastra
Name of publisher, distributor, etc Vishwakarma Publication
Date of publication, distribution, etc 2025
270 ## - ADDRESS
Address 34A/1';Suyog center'; 7th floor; Gultekadi Marketyard road;Giridhar bhavan Chowk;
City Pune
Postal code 411037
300 ## - PHYSICAL DESCRIPTION
Extent 166p.
Dimensions 21cm(pb)
942 ## - ADDED ENTRY ELEMENTS (KOHA)
Source of classification or shelving scheme Dewey Decimal Classification
Classification part S
Item type English Books
Call number suffix QUA

No items available.


© Delhi Public Library
Hit Counter
free hit counter